• 首页
  • 本馆介绍
  • 公告通知
  • 最新文献
  • 馆藏检索
  • 电子资源
  • 读者导购
  • 参考咨询
  • 我的图书馆
  • 登录
  • 详细信息显示
  • 放入我的书架
  • 预约/预借图书
  • 作者相关作品
  • 分类相关作品
  • 丛书相关作品
  • 出版社相关作品

书目信息

  • 表格格式
  • 工作单格式
  • 卡片格式
题名:
光电显示技术
    
 
作者: 李文峰 编著
分册:  
出版信息: 北京   清华大学出版社  2019.9
页数: 10,154页
开本: 26cm
丛书名:
单 册:
中图分类: TN27
科图分类:
主题词: 显示--光电子技术--高等学校--教材 , 显示 , 光电子技术
电子资源:
ISBN: 978-7-302-21411-3
000 01122nam0 2200301 45
001 012001002978
005 20141010151431.0
010    @a978-7-302-21411-3@dCNY21.00
100    @a20100226d2010 em y0chiy50 ea
101 0  @achi
102    @aCN@b110000
105    @aa z 001yy
106    @ar
200 1  @a光电显示技术@dOptical electronic display technology@f李文峰[等]编著@zeng@Aguang dian xian shi ji shu
210    @a北京@c清华大学出版社@d2019.9
215    @a10,154页@c图@d26cm
300    @a高等院校信息与通信工程系列教材/陈俊亮主编
300    @a并列题名:Optical electronic display technology
304    @a编著者还有:顾洁、赵亚辉、吕颖利
330    @a全书共分八章,内容包括传统的阴极射线管显示器件、液晶显示器件、发光二极管显示器件、等离子体显示器件、激光显示器件、大屏幕显示系统等,以及一些新型光电显示器件。
510 1  @aOptical electronic display technology@zeng
606 0  @a显示@x光电子技术@x高等学校@j教材
606 0  @a显示
606 0  @a光电子技术
690    @aTN27@v4
701  0 @a李文峰@f(1969~)@4编著@Ali wen feng
801  2 @aCN@bBJSDL@c20211018
905    @b1351044-7@dTN27@e158@f4
    
    光电显示技术=Optical electronic display technology/李文峰[等]编著.-北京:清华大学出版社,2019.9
    10,154页:图;26cm
    高等院校信息与通信工程系列教材/陈俊亮主编.-并列题名:Optical electronic display technology
    
    ISBN 978-7-302-21411-3:CNY21.00
    全书共分八章,内容包括传统的阴极射线管显示器件、液晶显示器件、发光二极管显示器件、等离子体显示器件、激光显示器件、大屏幕显示系统等,以及一些新型光电显示器件。
●
相关链接 在E读中查询图书 在五车中查询图书 在当当中查询图书 在豆瓣中查询图书


正题名:光电显示技术     索取号:TN27/158         预约/预借

序号 登录号 条形码 馆藏地/架位号 状态 备注
1 1351044   213510440   第二样本阅览室/ [索取号:TN27/158] 在馆    
2 1351045   213510459   第三借阅区/ [索取号:TN27/158] 在馆    
3 1351046   213510468   第三借阅区/ [索取号:TN27/158] 在馆    
4 1351047   213510477   第三借阅区/ [索取号:TN27/158] 在馆    
唐山师范学院图书馆 欢迎您!
大连网信软件有限公司© 版权所有